01333nam a2200181 45000010006000000050017000060900010000230990006000331000041000392000023000802140009001033230015001123300882001276100016010097000028010257020032010539950066010851392820250904155722.0 a13928 o0 a20250904d u||y0frey50 ba aGRRRLbLIVRdGRRRL d2023 aindéfini aGRRRL est une fable moderne sur les contradictions intimes d’une société patriarcale qui prétend être féministe. Ce sont treize scènes autonomes qui se déploient avec humour pour dénoncer l'hypocrisie des discours qui s'immiscent dans toutes les strates de la vie. Les scènes ont lieu dans un comité de lecture, dans une réunion parent-prof, dans un rendez-vous médical, dans une chambre d’amoureux, dans les toilettes d’une entreprise… et à chaque fois, les situations dérapent. Le langage trahit et révèle ceux qui n’écoutent pas les personnages féminins. Que vont-elles faire ? Se taire ? À chaque situation, sa réponse. Mais les zones troubles sont exposées et les femmes pointent les injustices. Avec humour, et sans s’enfermer dans la position dans laquelle elles sont placées, elles expriment leur colère. GRRRL. aFéminisme aGarcía Pereda bSara  aFullana Lavatelli bEmilia  2052025-09-04913819cJOLfJOL-007627kTH GAR Xo0bJOLrLIVR